[Event "BAN-chT2"]
[Site "Dhaka"]
[Date "2022.07.24"]
[Round "7.4"]
[White "Asaduzzaman, Ahad"]
[Black "Ushaching, Kheyang"]
[Result "1/2-1/2"]
[WhiteElo "1831"]
[BlackElo "1755"]
[PlyCount "130"]
[EventDate "2022.07.18"]
[EventType "team-swiss"]
[EventRounds "9"]
[EventCountry "BAN"]
[SourceTitle "EXT 2023"]
[Source "ChessBase"]
[SourceDate "2022.10.05"]
[SourceVersion "1"]
[SourceVersionDate "2022.10.05"]
[SourceQuality "1"]
[WhiteTeam "Shofi Uddin Shah Smrity Shansod"]
[BlackTeam "Sadharan Bima Corporation"]
[WhiteTeamCountry "BAN"]
[BlackTeamCountry "BAN"]

1. e4 Nc6 2. g3 e5 3. Bg2 Bc5 4. Ne2 d6 5. h3 Nge7 6. c3 Bb6 7. Na3 a6 8. Nc2 0-0 9. d4 f5 10. d5 Nb8 11. 0-0 fxe4 12. Be3 Bxe3 13. Nxe3 Nf5 14. Nc2 Nh6 15. Kh2 Bf5 16. Ne3 Bg6 17. Qc2 Rf3 18. Ng1 Rf7 19. Ne2 Qf8 20. g4 Rxf2 21. g5 Qf3 22. Rxf2 Qxf2 23. Nd1 Ng4+ 24. hxg4 Qh4+ 25. Bh3 e3 26. Qc1 Be4 27. Qxe3 Bxd5 28. Qg3 Qxg5 29. Ne3 Bc6 30. Rf1 Nd7 31. Rf5 Qg6 32. Bg2 Bxg2 33. Kxg2 Qe6 34. Qf3 c6 35. b3 g6 36. Qg3 Nf6 37. Rf1 d5 38. Qh4 Rf8 39. g5 Nh5 40. Rxf8+ Kxf8 41. Qg4 Qf7 42. Qf3 Nf4+ 43. Nxf4 exf4 44. Ng4 Qf5 45. Kf2 Qxg5 46. Ne3 Qe5 47. Ng2 g5 48. Qh3 Qe7 49. Qf5+ Kg7 50. Qg4 h6 51. Qf5 b5 52. Qc8 Qc5+ 53. Ke2 Qxc3 54. Qd7+ Kg6 55. Qe8+ Kg7 56. Qe7+ Kg6 57. Qe8+ Kf5 58. Qd7+ Kf6 59. Qd8+ Kg6 60. Qe8+ Kf5 61. Qd7+ Kg6 62. Qe8+ Kg7 63. Qe7+ Kg6 64. Qe8+ Kh7 65. Qd7+ Qg7 1/2-1/2

[Event "BAN Games 9th"]
[Site "Dhaka"]
[Date "2021.04.08"]
[Round "5.3"]
[White "Asaduzzaman, Ahad"]
[Black "Subrota, Biswas"]
[Result "0-1"]
[WhiteElo "1742"]
[BlackElo "2256"]
[PlyCount "146"]
[EventDate "2021.04.04"]
[EventType "team-swiss"]
[EventRounds "5"]
[EventCountry "BAN"]
[SourceTitle "CBM 202 Extra"]
[Source "ChessBase"]
[SourceDate "2021.07.31"]
[SourceVersion "1"]
[SourceVersionDate "2021.07.31"]
[SourceQuality "1"]
[WhiteTeam "Sylhet Division"]
[BlackTeam "Bangladesh Navy"]
[WhiteTeamCountry "BAN"]
[BlackTeamCountry "BAN"]

1. Nc3 d5 2. d4 Nf6 3. Bg5 Bf5 4. e3 e6 5. Bd3 Bxd3 6. Qxd3 c5 7. Nf3 Nbd7 8. Ne5 Be7 9. Bxf6 Bxf6 10. Nxd7 Qxd7 11. dxc5 Rc8 12. 0-0 Rxc5 13. Rad1 0-0 14. Ne4 Rc7 15. Nxf6+ gxf6 16. e4 Kh8 17. exd5 exd5 18. c3 Rg8 19. Qf3 Rg6 20. Rxd5 Qa4 21. Rd8+ Kg7 22. Qd1 Qe4 23. f3 Qe3+ 24. Kh1 Re7 25. Rd3 Qe2 26. Rg1 Qxb2 27. Qd2 Qb5 28. h3 Qg5 29. f4 Qf5 30. Rd5 Qe4 31. Rd4 Qc6 32. Rd6 Qc4 33. Rd4 Qb5 34. Rd5 Qc4 35. Rd4 Qa6 36. Rd6 Qe2 37. Qxe2 Rxe2 38. Rd7 Rb2 39. a4 Rg3 40. Rc7 f5 41. Rd1 Rbxg2 42. Rxb7 a6 43. Rb6 Ra2 44. Rg1 Rxg1+ 45. Kxg1 Rxa4 46. Kg2 Rxf4 47. Rxa6 Rc4 48. Ra3 h5 49. Kg3 Kf6 50. Ra6+ Kg5 51. Ra3 Re4 52. Kf3 Kh4 53. Ra5 Kg5 54. Rc5 Rf4+ 55. Kg3 h4+ 56. Kg2 Ra4 57. Rd5 Ra2+ 58. Kg1 Re2 59. c4 Re4 60. c5 Rc4 61. Rd7 Rxc5 62. Rxf7 Kf4 63. Rg7 Rc1+ 64. Kg2 Rc2+ 65. Kg1 Kf3 66. Rg5 Rc5 67. Kh2 Re5 68. Kg1 Re1+ 69. Kh2 f4 70. Rg4 Ke3 71. Rxh4 f3 72. Rh8 f2 73. Re8+ Kd4 0-1

[Event "BAN Games Blitz 9th"]
[Site "Dhaka"]
[Date "2021.04.03"]
[Round "4.3"]
[White "Asaduzzaman, Ahad"]
[Black "Rahman, Ziaur"]
[Result "0-1"]
[WhiteElo "1742"]
[BlackElo "2432"]
[PlyCount "69"]
[EventDate "2021.04.03"]
[EventType "swiss (blitz)"]
[EventRounds "9"]
[EventCountry "BAN"]
[SourceTitle "CBM 201 Extra"]
[Source "ChessBase"]
[SourceDate "2021.05.31"]
[SourceVersion "1"]
[SourceVersionDate "2021.05.31"]
[SourceQuality "1"]

1. Nc3 c5 2. e4 Nc6 3. Nf3 d6 4. Bc4 e6 5. 0-0 Nf6 6. a3 Be7 7. d3 0-0 8. h3 b6 9. Ba2 Bb7 10. Be3 Rc8 11. Qd2 a6 12. Rad1 b5 13. Ne2 d5 14. exd5 Nxd5 15. Bg5 f6 16. Bh4 Kh8 17. Bg3 e5 18. c4 Nc7 19. Qc2 Qd7 20. Nc3 Nd4 21. Nxd4 cxd4 22. Ne2 f5 23. f3 f4 24. Bf2 Rf6 25. Bh4 Rg6 26. Bxe7 Qxe7 27. Rde1 Qg5 28. Nc1 Nd5 29. Qe2 Ne3 30. Rf2 Qf5 31. Kh2 Rg3 32. cxb5 axb5 33. Bb3 Rc6 34. Bd1 Rh6 35. Nb3 0-1